000 00322 a2200109 4500
001 ART_12549
005 20260410161907.0
008 260409a
245 1 0 _aThe stability of monetary equilibrium
100 1 _aYarrow, G. K.
773 0 _tThe Economic Journal
_g- Vol. 87, NÂș 345 (mar. 1977)
_wREV12512
999 _c26444
_d26444